| 000 | 01354nam0a2200337 4500 | ||
|---|---|---|---|
| 001 | RU\NLR\bibl\173563 | ||
| 005 | 20250618061035.0 | ||
| 010 |
_a5-7142-0313-5 _91000 |
||
| 021 |
_aRU _b2000-47796 _92202 |
||
| 035 | _a(NLR Aleph) 000170326 | ||
| 090 |
_a981448 _c981448 |
||
| 100 | _a20010801d2000 |||y0rusy50 ca | ||
| 101 | 0 | _arus | |
| 102 | _aRU | ||
| 105 | _aa ||||||||| | ||
| 200 | 1 |
_a"Спасибо вам всем за стойкость и мужество" _eК 55-летию со дня Победы _eИнтервью, очерки, рассказы _f[Петр Суровцев] |
|
| 210 |
_aШадринск _cИсеть _d2000 |
||
| 215 |
_a134 с. _cил., портр. _d20 |
||
| 300 | _aАвт. указан на обл. | ||
| 309 | _aНа обл.: Кн. 3 | ||
| 606 | 0 |
_aВеликая Отечественная война _xГерои и героизм _yШадринск, город (Курганская область) _z1941 - 1945 _92214319 _3RU\NLR\auth\661330034 |
|
| 686 | _aТ3(2)722.78 | ||
| 686 | _aТ3(2)722.9-9(2Р-4Кур-2Ш) | ||
| 686 | _aЦ35(2)722-424д(2Р-4Кур-2Ш) | ||
| 700 | 1 |
_aСуровцев _bП. В. _gПетр Всеволодович _4070 |
|
| 801 | 0 |
_aRU _bNLR _c20010801 _gPSBO |
|
| 801 | 1 |
_aRU _bNLR _c20010801 |
|
| 830 | _aАвт. по кн. | ||
| 942 | _cBOOK | ||
| 980 | _aNB | ||